El currículum escolar.

Guardado en:
Formato: Deslizar
Series:Explora Pedagogía
Materias:
Etiquetas: Agregar Etiqueta
Sin Etiquetas, Sea el primero en etiquetar este registro!
LEADER 00878ngm a22002175g 4500
001 CEM.cems022966
008 130507b2010##################0###0#####d
005 20241127212605.0
245 0 0 |a El currículum escolar. 
300 |a 27'. 
490 0 |a Explora Pedagogía 
500 |a En soporte VHS, consultar en ventanilla. 
505 0 |a El diseño curricular. Los contenidos. Historia del currículum. Selección cultural para su elaboración. La realidad curricular en distintos lugares del país. Planes de estudio. El diseño con visión de futuro. 
538 |a Soporte: VHS - Norma: Pal N - Color: Si - Grabación DRD 2010 - Hitachi=1500 
082 3 7 |/ ENC-1 
653 |a EDUCACION 
653 |a PEDAGOGIA 
653 |a CURRICULUM ESCOLAR 
653 |a NIVEL PRIMARIO 
653 |a NIVEL SECUNDARIO 
859 |a CEMS  |b BIB. CEMS - Depto. Recursos Didacticos  |h 370  |i ENC-1  |k DRD  |p 1609.12  |t Ej.1